000 01063nam a2200169 a 4500
008 120416s1981 ||||||||||||||||| || u
050 _aR 728 Col
100 _aCollin, Marion
245 1 0 _aHospital office practice
260 _aLondon
_bBailliere Tindall
_c1981
300 _aviii, 133 pages : illustrations
350 _a0.00
995 _aMAIN LIBRARY OPEN ACCESS
_D0.00
_e705262
_FCBU-MAIN LIBRARY (Kitwe)
_H4
_I8.95
_jR 728 Col
_M4
_UWEEDED
_VJul 24, 2017
_WMar 28, 2007
_y015493
_ZMain Library Open Access Collection
995 _aMAIN LIBRARY OPEN ACCESS
_D0.00
_e705265
_FCBU-MAIN LIBRARY (Kitwe)
_H1
_I8.95
_jR 728 Col
_M1
_UWEEDED
_VJul 24, 2017
_WMar 28, 2007
_y015441
_ZMain Library Open Access Collection
995 _aMAIN LIBRARY OPEN ACCESS
_D0.00
_e705264
_FCBU-MAIN LIBRARY (Kitwe)
_H3
_I8.95
_jR 728 Col
_M3
_UWEEDED
_VJul 24, 2017
_WMar 28, 2007
_y015442
_ZMain Library Open Access Collection
995 _aMAIN LIBRARY OPEN ACCESS
_D0.00
_e705263
_FCBU-MAIN LIBRARY (Kitwe)
_H2
_I8.95
_jR 728 Col
_M2
_UWEEDED
_VJul 24, 2017
_WMar 28, 2007
_y015492
_ZMain Library Open Access Collection
999 _c76340
_d76340